| 000 | 00644nam a2200181 i 4500 | ||
|---|---|---|---|
| 001 | 26717 | ||
| 003 | ES-MaACL | ||
| 007 | t| | ||
| 008 | 030110s1964 sp ||||1| spa d | ||
| 245 | 0 | 0 |
_aAsambleas del Señor _b: catequesis de los domingos y fiestas. |
| 260 |
_aMadrid : _bMarova, _c1964. |
||
| 300 |
_a2 v. ; _c21 cm. |
||
| 505 | 8 | _aContiene: V.I: Introducción / presentada por N. Clariesse... [et al.]. -- V.II: Primer Domingo de Pasión / presentada por C. Bourgin... [et al.] | |
| 700 | 1 |
_aClarisse, N. _939020 |
|
| 700 | 1 |
_aBourgin, C. _930993 |
|
| 740 | 0 | _aPrimer Domingo de Pasión. | |
| 852 |
_aES-MaACL _jE-4384-5 _bR.54469-54470 |
||
| 999 |
_c26717 _d26717 |
||